000 00602nam a22001937a 4500
005 20251108165852.0
008 250721s2000 xx 000 0 ara d
082 1 4 _a810.093354/جوز
100 1 _aإبن قيم الجوزيه، شمس الدين أبو عبد الله
245 1 0 _aإتحاف العاشقين بتهذيب روضة المحبين /
264 1 _aعمان :
_c2000.
300 _a489ص
650 1 7 _aالأدب العربي
650 1 7 _aالحب
650 1 7 _aالعشق
700 1 _aأبي علقة، رائد صبري
_eإعداد
942 _2ddc
_cREF
999 _c33428
_d33428